| 000 | 00906nam a2200253Ia 4500 | ||
|---|---|---|---|
| 003 | OSt | ||
| 005 | 20221005113410.0 | ||
| 006 | a|||||r|||| 00| 0 | ||
| 007 | ta | ||
| 008 | 221004b |||||||| |||| 00| 0 pan d | ||
| 020 |
_a9788178839035 (hbk) _c550 |
||
| 024 | _a2087 | ||
| 037 |
_b191, 04/01/2013, Orange Books International _cTextual |
||
| 040 |
_aCRL _cCRL _bpan |
||
| 041 |
_2pan _apan |
||
| 082 | _aQ8441wk, 152Q2 | ||
| 100 | _aਅਮੋਲਕ ਸਿੰਘ, ਥਦ. | ||
| 245 | 0 |
_aਸਿੱਖ ਕੌਮ _b ਹਸਤੀ ਤੇ ਹੋਣੀ |
|
| 260 |
_aਲੁਧਿਆਣਾ _bਚੇਤਨਾ ਪ੍ਰਕਾFਨ ਭਾਰਤ _c2012 |
||
| 300 |
_a520ਪੰ _ccm. |
||
| 650 | _aਪੰਜਾਬੀ ਸਾਹਿਤ | ||
| 942 |
_hQ8441wk, 152Q2 _cTEXL _2cc |
||
| 999 |
_c1028058 _d1028058 |
||